[Event "Gibraltar Masters 16th"]
[Site "Caleta"]
[Date "2018.01.29"]
[Round "7"]
[White "Sajjadi, Kimiya"]
[Black "Serarols Mabras, Bernat"]
[Result "0-1"]
[WhiteElo "1911"]
[BlackElo "2235"]
[PlyCount "54"]
[EventDate "2018.01.23"]
[EventType "swiss"]
[EventRounds "10"]
[EventCountry "GGB"]
[SourceTitle "CBM 183"]
[Source "ChessBase"]
[SourceDate "2018.03.14"]
[SourceVersion "1"]
[SourceVersionDate "2018.03.14"]
[SourceQuality "1"]

1. d4 d5 2. c4 e6 3. Nc3 Bb4 4. Nf3 Nf6 5. Bg5 dxc4 6. Qa4+ Nc6 7. e4 Bd7 8. Qc2 h6 9. Bd2 Bxc3 10. bxc3 b5 11. a4 a6 12. Be2 Na5 13. axb5 axb5 14. Bf4 Nb3 15. Rd1 0-0 16. Nd2 Nxd2 17. Bxd2 Qe7 18. e5 Nd5 19. g4 b4 20. cxb4 Ba4 21. Qxc4 Bxd1 22. Bxd1 Qh4 23. 0-0 Ra1 24. f3 Rfa8 25. Bc2 Qh3 26. Bc1 R8a2 27. Qd3 Rxc2 0-1

[Event "Gibraltar Masters 16th"]
[Site "Caleta"]
[Date "2018.01.27"]
[Round "5"]
[White "Sajjadi, Kimiya"]
[Black "Lercel, Michal"]
[Result "1-0"]
[WhiteElo "1911"]
[BlackElo "2252"]
[PlyCount "57"]
[EventDate "2018.01.23"]
[EventType "swiss"]
[EventRounds "10"]
[EventCountry "GGB"]
[SourceTitle "CBM 183"]
[Source "ChessBase"]
[SourceDate "2018.03.14"]
[SourceVersion "1"]
[SourceVersionDate "2018.03.14"]
[SourceQuality "1"]

1. d4 Nf6 2. c4 e6 3. Nc3 Bb4 4. Qc2 0-0 5. Nf3 d5 6. a3 Bxc3+ 7. Qxc3 dxc4 8. Qxc4 b6 9. Bg5 Ba6 10. Qa4 h6 11. Bh4 Qe7 12. Rc1 c5 13. dxc5 bxc5 14. e3 Bxf1 15. Kxf1 Nbd7 16. Ke2 Rab8 17. Rc2 Nb6 18. Qa5 Rfd8 19. Rhc1 c4 20. Qe5 Nbd7 21. Bxf6 Qxf6 22. Qxf6 gxf6 23. Rxc4 Rxb2+ 24. R1c2 Rxc2+ 25. Rxc2 Nb6 26. Rc7 Nc8 27. Nd4 f5 28. Nc6 Re8 29. Rxc8 1-0

[Event "London Classic op"]
[Site "London"]
[Date "2017.12.07"]
[Round "7"]
[White "Sajjadi, Kimiya"]
[Black "Caglar, Sila"]
[Result "0-1"]
[WhiteElo "1876"]
[BlackElo "2167"]
[PlyCount "94"]
[EventDate "2017.12.02"]
[EventType "swiss"]
[EventRounds "9"]
[EventCountry "ENG"]
[SourceTitle "CBM 182 Extra"]
[Source "ChessBase"]
[SourceDate "2018.02.23"]
[SourceVersion "1"]
[SourceVersionDate "2018.02.23"]
[SourceQuality "1"]

1. d4 Nf6 2. c4 e6 3. Nc3 Bb4 4. Qc2 0-0 5. Nf3 d5 6. a3 Bxc3+ 7. Qxc3 dxc4 8. Qxc4 b6 9. Bg5 Ba6 10. Qa4 h6 11. Bh4 Qd7 12. Qxd7 Nbxd7 13. Bxf6 Nxf6 14. e3 Bxf1 15. Kxf1 c5 16. Ke2 Ne4 17. Rac1 Rfc8 18. Rhd1 c4 19. Nd2 Nd6 20. f3 b5 21. Rc2 Rc6 22. Rdc1 Ra6 23. g4 Rb8 24. h3 g6 25. Ne4 Nb7 26. f4 f5 27. Nf6+ Kg7 28. Nd7 Rd8 29. Ne5 Kf6 30. Kf3 g5 31. gxf5 exf5 32. Rg1 Nd6 33. Rcg2 Ne4 34. h4 g4+ 35. Nxg4+ fxg4+ 36. Rxg4 Kf5 37. Rg7 Rdd6 38. Rb7 Rdb6 39. Re7 Re6 40. Rd7 c3 41. d5 Rg6 42. Rf7+ Raf6 43. Rxf6+ Nxf6 44. Rc1 cxb2 45. Rb1 Ne4 46. Rxb2 Rg3+ 47. Ke2 Rg2+ 0-1

[Event "London Classic op"]
[Site "London"]
[Date "2017.12.05"]
[Round "5"]
[White "Sajjadi, Kimiya"]
[Black "Iyengar, Ilya"]
[Result "1/2-1/2"]
[WhiteElo "1876"]
[BlackElo "2044"]
[PlyCount "43"]
[EventDate "2017.12.02"]
[EventType "swiss"]
[EventRounds "9"]
[EventCountry "ENG"]
[SourceTitle "CBM 182 Extra"]
[Source "ChessBase"]
[SourceDate "2018.02.23"]
[SourceVersion "1"]
[SourceVersionDate "2018.02.23"]
[SourceQuality "1"]

1. d4 Nf6 2. c4 g6 3. Nc3 Bg7 4. e4 d6 5. Be2 0-0 6. f4 c5 7. Nf3 cxd4 8. Nxd4 Nc6 9. Be3 Nxd4 10. Bxd4 Be6 11. 0-0 Rc8 12. b3 Qa5 13. Rc1 a6 14. f5 Bd7 15. g4 Bc6 16. Qd3 Nd7 17. Bxg7 Kxg7 18. Qg3 Qe5 19. Qxe5+ Nxe5 20. Kf2 b6 21. Ke3 f6 22. h3 1/2-1/2

[Event "London Classic op"]
[Site "London"]
[Date "2017.12.03"]
[Round "2"]
[White "Kwon, Sehyun"]
[Black "Sajjadi, Kimiya"]
[Result "1-0"]
[WhiteElo "2117"]
[BlackElo "1876"]
[PlyCount "91"]
[EventDate "2017.12.02"]
[EventType "swiss"]
[EventRounds "9"]
[EventCountry "ENG"]
[SourceTitle "CBM 182 Extra"]
[Source "ChessBase"]
[SourceDate "2018.02.23"]
[SourceVersion "1"]
[SourceVersionDate "2018.02.23"]
[SourceQuality "1"]

1. e4 e6 2. c4 c5 3. Nc3 Nc6 4. g3 g6 5. Bg2 Bg7 6. Nge2 Nge7 7. d3 a6 8. 0-0 0-0 9. Rb1 Rb8 10. Be3 Nd4 11. b4 d6 12. bxc5 dxc5 13. Na4 Qd6 14. Nxd4 Bxd4 15. e5 Qc7 16. Bxd4 cxd4 17. Qe2 b5 18. cxb5 Rxb5 19. Rfc1 Rxb1 20. Rxb1 Nd5 21. Qe1 Qc2 22. Qd1 Qc7 23. Bxd5 exd5 24. f4 f6 25. Rc1 Qf7 26. exf6 Re8 27. Rc6 h5 28. Qa1 Bh3 29. Kf2 Qd7 30. Qc1 Qg4 31. Rc2 Qe6 32. Nc5 Qxf6 33. Qh1 Qd6 34. Nb3 Qe6 35. Qc1 Qf6 36. Rc6 Qf5 37. Qc5 Bg2 38. Kxg2 Re2+ 39. Kg1 Re1+ 40. Kf2 Rf1+ 41. Kxf1 Qxd3+ 42. Ke1 Qe3+ 43. Kd1 Qg1+ 44. Kc2 d3+ 45. Kxd3 Qf1+ 46. Kc3 1-0

[Event "Oslo op"]
[Site "Fornebu"]
[Date "2016.10.05"]
[Round "8"]
[White "Vestby Ellingsen, Mads"]
[Black "Sajjadi, Kimiya"]
[Result "1-0"]
[WhiteElo "2084"]
[BlackElo "1877"]
[PlyCount "151"]
[EventDate "2016.09.30"]
[EventType "swiss"]
[EventRounds "9"]
[EventCountry "NOR"]
[SourceTitle "EXT 2017"]
[Source "ChessBase"]
[SourceDate "2016.10.25"]
[SourceVersion "1"]
[SourceVersionDate "2016.10.25"]
[SourceQuality "1"]

1. d4 d5 2. c4 e6 3. Nc3 Be7 4. Nf3 c6 5. e4 dxe4 6. Nxe4 Nf6 7. Bd3 Nbd7 8. 0-0 Nxe4 9. Bxe4 Nf6 10. Bc2 h6 11. Qd3 0-0 12. Ne5 c5 13. Ng4 Re8 14. Nxh6+ Kf8 15. Bd1 Qxd4 16. Qxd4 cxd4 17. Ng4 Nxg4 18. Bxg4 Bd7 19. Bf4 Bf6 20. Bd6+ Kg8 21. Rfe1 Bc6 22. Be5 Bxe5 23. Rxe5 Red8 24. Rd1 Rac8 25. b3 Kf8 26. f4 Rd6 27. Kf2 Rcd8 28. Rd3 b6 29. Bf3 Bxf3 30. Kxf3 Ke7 31. h3 f6 32. Re1 a6 33. Red1 f5 34. Rc1 Kf6 35. h4 g6 36. Re1 Rc6 37. Re5 Rc5 38. Re2 Rc6 39. g3 a5 40. Kf2 Rcd6 41. Ke1 Rc8 42. Kd1 Rc5 43. Red2 e5 44. fxe5+ Kxe5 45. Ke2 Rc8 46. Kf3 Rcd8 47. Re2+ Kf6 48. Kf4 Re6 49. Rxe6+ Kxe6 50. a3 Kf6 51. Rd1 Rd7 52. Kf3 Rd6 53. Re1 Rd8 54. Re2 Rd6 55. Kf2 Rd7 56. Ke1 Rd6 57. Kd2 f4 58. Rf2 g5 59. hxg5+ Kxg5 60. Rxf4 d3 61. Rf3 a4 62. Rxd3 Rc6 63. Rd4 axb3 64. Kc3 b2 65. Kxb2 Rf6 66. Rd3 Kg4 67. Kb3 Rf1 68. Kb4 Rb1+ 69. Rb3 Rc1 70. Kb5 Rc2 71. a4 Ra2 72. Kxb6 Rxa4 73. c5 Kf5 74. c6 Ke6 75. c7 Rc4 76. Kb7 1-0

[Event "EU-ch U18 Girls 26th"]
[Site "Prague"]
[Date "2016.08.18"]
[Round "1"]
[White "Sajjadi, Kimiya"]
[Black "Keetman, Maaike"]
[Result "0-1"]
[WhiteElo "1828"]
[BlackElo "2101"]
[PlyCount "58"]
[EventDate "2016.08.18"]
[EventType "swiss"]
[EventRounds "9"]
[EventCountry "CZE"]
[SourceTitle "CBM 174 Extra"]
[Source "ChessBase"]
[SourceDate "2016.10.10"]
[SourceVersion "1"]
[SourceVersionDate "2016.10.10"]
[SourceQuality "1"]

1. d4 Nf6 2. c4 g6 3. Nc3 Bg7 4. e4 d6 5. f4 c5 6. d5 e6 7. dxe6 fxe6 8. Nf3 Nc6 9. Bd3 0-0 10. 0-0 b6 11. Qe1 Nb4 12. Bb1 Ba6 13. Nb5 Qd7 14. a3 Nc6 15. a4 Na5 16. Ba2 Bb7 17. Nxd6 Qxd6 18. e5 Qc6 19. exf6 Bxf6 20. Qe2 Rae8 21. Rd1 Qxa4 22. Rd6 Bxf3 23. gxf3 Bd4+ 24. Kg2 e5 25. Qe4 exf4 26. Qd5+ Kh8 27. Qg5 Qc2+ 28. Kh3 Rf5 29. Qg2 Rh5+ 0-1

[Event "Helsingor Xtracon op"]
[Site "Helsingor"]
[Date "2016.07.30"]
[Round "9"]
[White "Svane, Frederik"]
[Black "Sajjadi, Kimiya"]
[Result "1-0"]
[WhiteElo "2044"]
[BlackElo "1860"]
[PlyCount "33"]
[EventDate "2016.07.23"]
[EventType "swiss"]
[EventRounds "10"]
[EventCountry "DEN"]
[SourceTitle "CBM 173 Extra"]
[Source "ChessBase"]
[SourceDate "2016.08.29"]
[SourceVersion "1"]
[SourceVersionDate "2016.08.29"]
[SourceQuality "1"]

1. e4 e6 2. d4 d5 3. Nd2 c5 4. exd5 Qxd5 5. Ngf3 cxd4 6. Bc4 Qd8 7. 0-0 Nc6 8. Qe2 a6 9. a4 Nf6 10. Nb3 Qc7 11. Rd1 Bd6 12. Nbxd4 Nxd4 13. Rxd4 0-0 14. Bg5 e5 15. Rh4 e4 16. Bxf6 exf3 17. Qe4 1-0

[Event "NOR-ch U20"]
[Site "Tromsoe"]
[Date "2016.07.11"]
[Round "3"]
[White "Sajjadi, Kimiya"]
[Black "Machlik, Monika"]
[Result "1/2-1/2"]
[WhiteElo "1850"]
[BlackElo "2018"]
[PlyCount "32"]
[EventDate "2016.07.09"]
[EventType "swiss"]
[EventRounds "9"]
[EventCountry "NOR"]
[SourceTitle "EXT 2024"]
[Source "ChessBase"]
[SourceDate "2023.10.10"]
[SourceVersion "1"]
[SourceVersionDate "2023.10.10"]
[SourceQuality "1"]

1. d4 d5 2. c4 dxc4 3. e3 e5 4. Bxc4 exd4 5. exd4 Nf6 6. Ne2 Bd6 7. Qd3 Nc6 8. a3 0-0 9. 0-0 Bg4 10. Nbc3 Be6 11. Bxe6 fxe6 12. Nb5 Nd5 13. Nxd6 Qxd6 14. Bg5 Nce7 15. Ng3 Nf5 16. Ne4 Qb6 1/2-1/2

[Event "NOR-ch U20"]
[Site "Tromsoe"]
[Date "2016.07.09"]
[Round "1"]
[White "Sajjadi, Kimiya"]
[Black "Lobersli, Henrik Oie"]
[Result "0-1"]
[WhiteElo "1850"]
[BlackElo "2069"]
[PlyCount "114"]
[EventDate "2016.07.09"]
[EventType "swiss"]
[EventRounds "9"]
[EventCountry "NOR"]
[SourceTitle "EXT 2024"]
[Source "ChessBase"]
[SourceDate "2023.10.10"]
[SourceVersion "1"]
[SourceVersionDate "2023.10.10"]
[SourceQuality "1"]

1. d4 Nf6 2. c4 e6 3. Nc3 Bb4 4. Qc2 0-0 5. Nf3 d5 6. a3 Bxc3+ 7. Qxc3 Nbd7 8. Bg5 c5 9. cxd5 cxd4 10. Qxd4 Qa5+ 11. b4 Qxd5 12. e3 a5 13. Rc1 axb4 14. axb4 Ra4 15. Qxd5 Nxd5 16. b5 h6 17. Bh4 N7f6 18. Be2 Bd7 19. Bxf6 Nxf6 20. 0-0 Rb4 21. Rc7 Rb8 22. Ne5 Be8 23. Rfc1 g6 24. g3 Kg7 25. Kg2 Nd5 26. R7c2 Bxb5 27. Bf3 Be8 28. Bxd5 exd5 29. Rd2 Rd8 30. Rc7 b5 31. Nd3 Rc4 32. Rb7 Bc6 33. Ra7 d4+ 34. Kf1 dxe3 35. fxe3 Rd7 36. Rxd7 Bxd7 37. Kf2 Rc7 38. Ne5 Be6 39. Rb2 Rb7 40. Ke2 Kf6 41. Nc6 Rb6 42. Nb4 Rd6 43. e4 Bc4+ 44. Ke3 Rd1 45. Nc6 Rd3+ 46. Kf2 Rb3 47. e5+ Kg7 48. Rd2 g5 49. Na5 Rc3 50. Rb2 Kf8 51. Nb7 Rb3 52. Rc2 Bd5 53. Nd6 b4 54. Ke2 Be6 55. Kd2 Rb1 56. Ke3 b3 57. Rf2 Bd5 0-1

[Event "Gibraltar Masters 14th"]
[Site "Caleta"]
[Date "2016.01.29"]
[Round "4"]
[White "Sajjadi, Kimiya"]
[Black "Hamer, Martyn"]
[Result "1/2-1/2"]
[WhiteElo "1839"]
[BlackElo "2058"]
[PlyCount "81"]
[EventDate "2016.01.26"]
[EventType "swiss"]
[EventRounds "10"]
[EventCountry "GGB"]
[SourceTitle "CBM 171"]
[Source "ChessBase"]
[SourceDate "2016.03.14"]
[SourceVersion "2"]
[SourceVersionDate "2016.03.14"]
[SourceQuality "1"]

1. d4 h6 2. e4 g5 3. c4 c5 4. d5 d6 5. Nc3 Bg7 6. Bd2 Nf6 7. f4 Nbd7 8. Nf3 gxf4 9. Bxf4 Ng4 10. h3 Nge5 11. Be2 Ng6 12. Bh2 Qa5 13. Qd2 Nde5 14. Rf1 Bd7 15. Nxe5 Bxe5 16. Bxe5 Nxe5 17. 0-0-0 0-0-0 18. Rf4 Rdg8 19. Bf1 Qb4 20. Qf2 f6 21. Qe2 Rg5 22. Rd2 Be8 23. Nd1 Bh5 24. g4 Be8 25. h4 Rg7 26. Ne3 Bd7 27. Nf5 Bxf5 28. Rxf5 Kc7 29. Rc2 Nxg4 30. Rc3 Ne5 31. Rb3 Qa4 32. Ra3 Qe8 33. Rxa7 Kb8 34. Ra3 b6 35. Qd2 Kb7 36. Rb3 Qd8 37. Qa5 Rg3 38. Qa3 Rxb3 39. Qxb3 Qa8 40. Rh5 Qa5 41. Kd1 1/2-1/2

[Event "Gibraltar Masters 14th"]
[Site "Caleta"]
[Date "2016.01.26"]
[Round "1"]
[White "Sajjadi, Kimiya"]
[Black "Khademalsharieh, Sarasadat"]
[Result "0-1"]
[WhiteElo "1839"]
[BlackElo "2392"]
[PlyCount "98"]
[EventDate "2016.01.26"]
[EventType "swiss"]
[EventRounds "10"]
[EventCountry "GGB"]
[SourceTitle "CBM 171"]
[Source "ChessBase"]
[SourceDate "2016.03.14"]
[SourceVersion "2"]
[SourceVersionDate "2016.03.14"]
[SourceQuality "1"]

1. d4 Nf6 2. c4 e6 3. Nf3 b6 4. g3 Bb7 5. Bg2 Bb4+ 6. Bd2 a5 7. 0-0 0-0 8. Nc3 d6 9. b3 Nbd7 10. Qc2 Qc8 11. Rac1 Bxc3 12. Bxc3 Be4 13. Qd1 Qb7 14. Bh3 Rfe8 15. Nd2 Bg6 16. Bg2 d5 17. Ba1 c6 18. Nf3 Be4 19. Qd2 a4 20. b4 dxc4 21. Rxc4 Red8 22. Qc1 Rac8 23. Rd1 b5 24. Rc3 Nd5 25. a3 Nxc3 26. Qxc3 Nf6 27. Rc1 Bd5 28. Bh3 Ne4 29. Qe3 Nd6 30. Ne5 Qe7 31. Qf4 Qf6 32. Qg4 Qh6 33. Rc3 Qd2 34. Bf1 Qe1 35. Bb2 Qd2 36. Ba1 Qa2 37. Rc1 Qxa3 38. Nd3 f5 39. Qh4 Qa2 40. Bc3 a3 41. Nc5 Ne4 42. Ra1 Qc2 43. Nxe4 fxe4 44. Rxa3 Qc1 45. Ra7 Qxc3 46. e3 Qxb4 47. Rxg7+ Kxg7 48. Qg5+ Kf8 49. Qf6+ Ke8 0-1

[Event "NOR-ch U20"]
[Site "Oslo"]
[Date "2015.07.09"]
[Round "7"]
[White "Kyrkjebo, Hannah Bakken"]
[Black "Sajjadi, Kimiya"]
[Result "1/2-1/2"]
[WhiteElo "1711"]
[BlackElo "1730"]
[PlyCount "56"]
[EventDate "2015.07.04"]
[EventType "swiss"]
[EventRounds "9"]
[EventCountry "NOR"]
[SourceTitle "EXT 2017"]
[Source "ChessBase"]
[SourceDate "2016.10.25"]
[SourceVersion "1"]
[SourceVersionDate "2016.10.25"]
[SourceQuality "1"]

1. e4 e6 2. d3 c5 3. Qe2 Nc6 4. Nf3 g6 5. g3 Bg7 6. Bg2 d6 7. 0-0 Nge7 8. c3 0-0 9. Bf4 e5 10. Be3 h6 11. h4 f5 12. Qd2 Kh7 13. Nh2 Be6 14. Qe2 f4 15. Bd2 Ng8 16. Na3 Rc8 17. Nc2 Rc7 18. b4 Rcf7 19. b5 Na5 20. c4 b6 21. Ne1 Nb7 22. Nef3 Qd7 23. a4 fxg3 24. fxg3 Nf6 25. Qe3 Nh5 26. Be1 Nf6 27. Bd2 Nd8 28. a5 Ng4 1/2-1/2